000 00550nam a22001937a 4500
003 OSt
005 20140310182839.0
008 130607t xxu||||| |||| 00| 0 eng d
020 _a9711109433
050 _aT 11
_b.M657 1986
082 _aM 808.066
_bM62 1986
245 _aTechnical writing /
_cMills, Gordon H.
_bbook A
260 _aForth Worth :
_bHarcourt Brace Jovanovich College Publishers,
_c1986
300 _axvii, 554 p. :
_bill. ;
_c22 cm.
521 _acollege students
541 _j1
562 _e1
942 _2lcc
_cBK
_kM
999 _c16813
_d16813